000
00317pab a2200145 454500
008
180718b1987 xxu||||| |||| 00| 0 eng d
100
_a
Mojumdar, Modhumita
245
_a
Land of starving mothers
260
_c
1987
300
_a
33-4
362
_a
Mar.
650
_a
Poverty
773
_a
Seminar
909
_a
15738
999
_c
15738
_d
15738